|
|
|
|
| LEADER |
00924nam a2200241 a 4500 |
| 001 |
649619 |
| 008 |
100829r20041993bg ab b 011 0 eng d |
| 010 |
|
|
|a 93910698
|
| 020 |
|
|
|a 9840512285
|
| 040 |
|
|
|a DLC
|c DLC
|d DLC
|
| 082 |
0 |
0 |
|a 746.4/4095492
|2 20
|
| 100 |
1 |
|
|a Zaman, Niaz.
|
| 245 |
1 |
4 |
|a The art of kantha embroidery /
|c Niaz Zaman.
|
| 250 |
|
|
|a 2nd rev. ed.
|
| 260 |
|
|
|a Dhaka, Bangladesh :
|b University Press,
|c 1993.[Reprinted 2004]
|
| 300 |
|
|
|a viii, 176 p. :
|b ill. (some col.), map ;
|c 25 cm.
|
| 504 |
|
|
|a Includes bibliographical references (p. [161]-164) and index.
|
| 541 |
1 |
|
|e 00020826
|
| 650 |
|
0 |
|a Ethnic embroidery
|z Bangladesh.
|
| 650 |
|
0 |
|a Quilts
|z Bangladesh.
|
| 852 |
4 |
|
|a Ayesha Abed Library
|j General shelf
|
| 999 |
|
|
|c 9391
|d 9391
|
| 952 |
|
|
|0 0
|1 0
|2 ddc
|4 0
|6 746_440954920000000_ZAM_2004
|7 0
|9 11844
|a BRACUL
|b BRACUL
|c GEN
|d 2010-09-15
|l 6
|m 25
|o 746.44095492 ZAM
|p 3010020826
|r 2025-08-19
|s 2025-08-06
|t 1
|w 2010-09-15
|y BK
|